Score 0/17 Timer 02:00
0 Plays Today
Clue 4-Letter Word % Correct
Nat King ___COLE
92.7%
An informal conversationCHAT
89%
Competitor to MasterCard or American ExpressVISA
88.9%
Pop star who sang 'Believe' and 'If I Could Turn Back Time'CHER
87%
To scorch or burn slightlyCHAR
85.1%
Coldplay song '___ La Vida'VIVA
84.7%
Eucharist drinkWINE
80.8%
A layer of paintCOAT
78.8%
Indianapolis gridiron starCOLT
77%
Clue 4-Letter Word % Correct
A tool with two jaws for holding something steady, in the USVISE
69.7%
Common wood with lots of knots and sapPINE
69.1%
Short-eared, blunt-nosed rodentVOLE
63.8%
Morally despicable or foulVILE
63.8%
Seedy bar or clubDIVE
63.2%
Popular female singerDIVA
63%
To marry a womanWIVE
56.5%
Pop star who sang 'Sober' and 'U + Ur Hand'PINK
53.8%

Today's Daily Dose

Missing Word
Lizzo Songs

Get the Picture
The Longest Rivers

Remove Ads.
Support Sporcle.
Get the best of Sporcle when you Go Orange. This ad-free experience offers more features, more stats, and more fun while also helping to support Sporcle. Thank you for becoming a member.

You're not logged in!

Compare scores with friends on all Sporcle quizzes.
OR
Log In

Show Comments

Extras

Top Quizzes Today


Score Distribution

Your Account Isn't Verified!

In order to create a playlist on Sporcle, you need to verify the email address you used during registration. Go to your Sporcle Settings to finish the process.

Report this User

Report this user for behavior that violates our Community Guidelines.

Details: